| 000 | 00710nam a22001577a 4500 | ||
|---|---|---|---|
| 003 | macl | ||
| 005 | 20231105165107.0 | ||
| 008 | 231105b |||||||| |||| 00| 0 eng d | ||
| 040 | _cmacl | ||
| 082 | _a910 | ||
| 100 |
_aगुप्ता ,संजय _978630 |
||
| 245 | _aमुख्य परीक्षा दर्पण मध्य प्रदेश लोक सेवा आयोग विश्व एवंं भारत का भूगाेेल प्रश्न पत्र -1 खण्ड- ब इकाई -1, | ||
| 260 |
_aग्वालियर _bनिर्माण IAS प्रकाशन _c2020 |
||
| 650 | _aभूगोल | ||
| 942 |
_2ddc _cHIN |
||
| 999 |
_c66336 _d66336 |
||